Southeastern Conference Football Stadia - Statistics

General Stats
  • This quiz has been taken 50 times
  • The average score is 13 of 14
Answer Stats
Hint Answer % Correct
Bryant-Denny Stadium Alabama
95%
Sanford Stadium Georgia
95%
Tiger Stadium LSU
95%
Vanderbilt Stadium Vanderbilt
95%
Donald W. Reynolds Razorback Stadium Arkansas
90%
Jordan-Hare Stadium Auburn
90%
Kyle Field Texas A&M
90%
Davis-Wade Stadium Mississippi State
88%
Neyland Stadium Tennessee
88%
Ben Hill Griffin Stadium Florida
86%
Kroger Field Kentucky
86%
Faurot Field at Memorial Stadium Missouri
86%
Vaught-Hemingway Stadium Ole Miss
86%
Williams-Brice Stadium South Carolina
81%
No matching quizzes found
Score Distribution
Percent of People with Each Score
Percentile by Number Answered
Your Score History
You have not taken this quiz